000 00415nam a2200145Ia 4500
008 230917s9999||||xx |||||||||||||| ||und||
040 _e204786
_aMAIN
041 _aEnglish
082 _a660.6 S94S
100 _aSavita
245 0 _aR N A interference for generation of transgenic blackgram (vigna mungo L. Hepper) plants resistant to yellow mosaic disease
260 _c2011
300 _a99 p.
942 _cTH
999 _c125669
_d125669